Komunikačná politika podniku ako nástroj predaja

Nástroje komunikačnej politiky napomáhajúce v predaji produktov a služieb, podporujúce predaj, public relations, reklamu, priamy marketing a osobný predaj. Teoretické poznatky o komunikačnej politike podniku: ciele komunikačnej politiky podniku, nástroje komunikačnej politiky v oblasti podpory preda...

Descrizione completa

Salvato in:
Dettagli Bibliografici
Autore principale: Puhovichová, Diana, 1994-
Natura: Capitolo di libro
Lingua:slovacco
Soggetti:
Tags: Aggiungi Tag
Nessun Tag, puoi essere il primo ad aggiungerne!!

MARC

LEADER 00000naa$a2200000$$$4500
001 0270511
005 20240502074235.3
041 0 |a slo 
044 |a SK 
245 1 0 |a Komunikačná politika podniku ako nástroj predaja  |c Diana Puhovichová 
520 |a Nástroje komunikačnej politiky napomáhajúce v predaji produktov a služieb, podporujúce predaj, public relations, reklamu, priamy marketing a osobný predaj. Teoretické poznatky o komunikačnej politike podniku: ciele komunikačnej politiky podniku, nástroje komunikačnej politiky v oblasti podpory predaja, výhody a nevýhody nástrojov komunikačného mixu, vplyv využívania internetu v oblasti predaja produktov a používanie sociálnych sietí. 
610 2 0 |a komunikácia marketingová 
610 2 0 |a mix komunikačný 
610 2 0 |a politika podnikania 
610 2 0 |a nástroje marketingové 
610 2 0 |a marketing elektronický 
610 2 0 |a siete sociálne 
610 2 0 |a podpora predaja 
610 2 0 |a reklama 
610 2 0 |a vzťahy s verejnosťou 
100 1 |a Puhovichová, Diana, 1994-